120 años de la procuración del tesoro 1863-1983 (Registro nro. 2153)
[ vista simple ]
| 000 -LEADER | |
|---|---|
| fixed length control field | 01138 a2200205 4500 |
| 001 - CONTROL NUMBER | |
| control field | 30980 |
| 005 - DATE AND TIME OF LATEST TRANSACTION | |
| control field | 20260407155618.0 |
| 008 - FIXED-LENGTH DATA ELEMENTS--GENERAL INFORMATION | |
| fixed length control field | 260407a1983 arg spa d |
| 003 - CONTROL NUMBER IDENTIFIER | |
| control field | AR-UNSa-BCEJYS |
| 040 ## - CATALOGING SOURCE | |
| Original cataloging agency | AR-UNSa-BCEJYS |
| Language of cataloging | spa |
| Transcribing agency | AR-UNSa-BCEJYS |
| 080 ## - UNIVERSAL DECIMAL CLASSIFICATION NUMBER | |
| Universal Decimal Classification number | 657.1 |
| Common auxiliary subdivision | Teneduría de libros. Sistemas. Procedimientos (Operaciones bancarias) |
| 020 ## - INTERNATIONAL STANDARD BOOK NUMBER | |
| International Standard Book Number | 950-562-714-9 |
| 100 1# - MAIN ENTRY--PERSONAL NAME | |
| Personal name | Procuración del Tesoro de la Nación |
| 245 10 - TITLE STATEMENT | |
| Title | 120 años de la procuración del tesoro 1863-1983 |
| 264 #1 - PRODUCTION, PUBLICATION, DISTRIBUTION, MANUFACTURE, AND COPYRIGHT NOTICE | |
| Place of production, publication, distribution, manufacture | Buenos Aires : |
| Name of producer, publisher, distributor, manufacturer | EUDEBA (Editorial Universitaria de Buenos Aires) |
| Date of production, publication, distribution, manufacture, or copyright notice | 1983 |
| 300 ## - PHYSICAL DESCRIPTION | |
| Extent | 263 p. |
| Dimensions | 23 cm. |
| 505 ## - FORMATTED CONTENTS NOTE | |
| Formatted contents note | 1. Reseña sobre el origen y la evolución de la Procuración del Tesoro, elaborado por el Doctor Rodolfo S. Follari, abogado del organismo - 2. Indice analítico y concordado de normas que establecen las funciones y competencias de la Procuración del Tesoro de la Nación - 3. Funcionarios de la Procuración del Tesoro de la Nación durante el año 1983 - 4. Servicios jurídicos de Ministerios, Secretarías y Subsecretarías del Poder Ejecutivo Nacional |
| 590 ## - LOCAL NOTE (RLIN) | |
| Local note | niveau_biblio:m niveau_hierar:0 |
| 942 ## - ADDED ENTRY ELEMENTS (KOHA) | |
| Koha item type | |
| Withdrawn status | Lost status | Damaged status | Not for loan | Home library | Current library | Shelving location | Date acquired | Total checkouts | Full call number | Barcode | Date last seen | Price effective from | Koha item type |
|---|---|---|---|---|---|---|---|---|---|---|---|---|---|
| Biblioteca Prof. Eusebio Cleto del Rey | Biblioteca Prof. Eusebio Cleto del Rey | 07/04/2026 | 657.1 P963 | L45578 | 07/04/2026 | 07/04/2026 | Libro |